| 000 | 00000nam##2200000za#4500 |
| 001 | 9.663524 |
| 003 | CaOODSP |
| 005 | 20210615121058 |
| 007 | ta |
| 008 | 150407|2002||||xxc||||| f|0| 0 fre|d |
| 020 | |a0-662-66359-4 |
| 040 | |aCaOODSP|bfre |
| 041 | |aeng |
| 041 | |afre |
| 043 | |an-cn--- |
| 086 | 1 |aCH44-29/2002 |
| 110 | 1 |aCanada. |bPatrimoine canadien. |
| 245 | 13|aLe contenu canadien au 21e siècle |
| 260 | |aOttawa - Ontario : |bPatrimoine canadien |c2002. |
| 300 | |aTexte français, 30p. : |bgraphiques ; |c28 cm. |
| 546 | |aBilingue |
| 563 | |aReliure à spirale |
| 590 | |a02-17|b2002-04-26 |
| 691 | 07|aIndustrie cinématographique|2gcpds |
| 691 | 07|aTélévision|2gcpds |
| 691 | 07|aPolitique culturelle|2gcpds |
| 776 | 0#|tLe contenu canadien au 21e siècle : |w(CaOODSP)9.639892 |
| 776 | 0#|tCanadian content in the 21st century : |w(CaOODSP)9.695770 |
| 791 | |tCanadian content in the 21st Century |eeng|w(CaOODSP)9.663523 |